| 000 | 01059nam a22002537a 4500 | ||
|---|---|---|---|
| 999 |
_c64317 _d64317 |
||
| 005 | 20240530110725.0 | ||
| 008 | 180417s2016 ua g b 001 0 ara d | ||
| 017 |
_a2016/14781 _bمصر. دار الكتب |
||
| 020 | _a9789779207650 | ||
| 040 |
_aEG-CaGPL _cEG-CaGPL |
||
| 082 | 0 | 4 |
_221 _a414.3 / _bع م |
| 100 | 0 | _aعشرى محمد الغول | |
| 245 | 1 | 2 |
_aالمجاز فى التراث العربى : _bالمصطلح وتطورة المفهوم / _cتاليف عشرى محمد الغول ؛ تقديم عبد الحكيم راضى |
| 260 |
_aالقاهرة : _bالهيئة المصرية العامة للكتاب ، _c2016. |
||
| 300 |
_a238 ص. ؛ _c24 سم. |
||
| 504 | _aيشتمل على ارجاعات ببليوجرافية | ||
| 600 | 0 | _aعبدالقاهر الجرجانى | |
| 650 | 0 | 7 |
_2qrmak _aالبلاغة العربية |
| 650 | 0 | 7 |
_2qrmak _aالتراث العربى |
| 650 | 0 | 7 |
_2qrmak _aالبلاغة العربية _xالبيان |
| 651 | _2qrmak | ||
| 942 |
_2ddc _cBK |
||